<?xml version="1.0" encoding="UTF-8"?>
<record
    xmlns:xsi="http://www.w3.org/2001/XMLSchema-instance"
    xsi:schemaLocation="http://www.loc.gov/MARC21/slim http://www.loc.gov/standards/marcxml/schema/MARC21slim.xsd"
    xmlns="http://www.loc.gov/MARC21/slim">

  <leader>02973nam a2200277 a 4500</leader>
  <controlfield tag="003">OSt</controlfield>
  <controlfield tag="005">20251111113755.0</controlfield>
  <controlfield tag="007">cr ||||||a|c|a</controlfield>
  <controlfield tag="008">231214s2020    mx a|||fom||| 001 0 spa d</controlfield>
  <datafield tag="040" ind1=" " ind2=" ">
    <subfield code="e">rda</subfield>
  </datafield>
  <datafield tag="100" ind1="1" ind2=" ">
    <subfield code="9">188448</subfield>
    <subfield code="a">Hern&#xE1;ndez Hern&#xE1;ndez, Refugio</subfield>
  </datafield>
  <datafield tag="245" ind1="1" ind2="0">
    <subfield code="a">Suelos supresivos para nematodos agalladores en Morelos /</subfield>
    <subfield code="c">por Refugio Hern&#xE1;ndez Hern&#xE1;ndez;1 director de tesis Calixto Leopoldo Carrillo Fonseca.</subfield>
  </datafield>
  <datafield tag="264" ind1=" " ind2=" ">
    <subfield code="a">Chapingo, M&#xE9;xico :</subfield>
    <subfield code="b">El autor,</subfield>
    <subfield code="c">2020.</subfield>
  </datafield>
  <datafield tag="300" ind1=" " ind2=" ">
    <subfield code="a">1 recurso en l&#xED;nea (42  p&#xE1;ginas):</subfield>
    <subfield code="b">cuadros.</subfield>
  </datafield>
  <datafield tag="336" ind1=" " ind2=" ">
    <subfield code="2">rdacontent</subfield>
    <subfield code="a">texto</subfield>
    <subfield code="b">txt</subfield>
  </datafield>
  <datafield tag="337" ind1=" " ind2=" ">
    <subfield code="2">rdamedia</subfield>
    <subfield code="a">computadora</subfield>
    <subfield code="b">c</subfield>
  </datafield>
  <datafield tag="338" ind1=" " ind2=" ">
    <subfield code="2">rdacarrier</subfield>
    <subfield code="a">recurso en l&#xED;nea</subfield>
    <subfield code="b">cr</subfield>
  </datafield>
  <datafield tag="502" ind1=" " ind2=" ">
    <subfield code="b">IAEPA</subfield>
    <subfield code="c">Parasitolog&#xED;a</subfield>
    <subfield code="d">2020.</subfield>
    <subfield code="g">LIC</subfield>
  </datafield>
  <datafield tag="504" ind1=" " ind2=" ">
    <subfield code="a">Incluye referencias bibliogr&#xE1;ficas: p&#xE1;ginas 34-38.</subfield>
  </datafield>
  <datafield tag="520" ind1=" " ind2=" ">
    <subfield code="a">La producci&#xF3;n de tomate es afectada por diversos factores y organismos, entre ellos, los nematodos que pueden ocasionar severas p&#xE9;rdidas en el cultivo. Provocan engrosamiento en las ra&#xED;ces lo que origina n&#xF3;dulos o agallas que en casos severos pueden provocar la muerte de planta. El control biol&#xF3;gico, mediante la utilizaci&#xF3;n de actinomiceto puede ser una herramienta para controlar los nematodos. Este organismo se encuentra en la mayor&#xED;a de los suelos, por tal motivo, el presente estudio tiene como objetivo analizar el efecto del actinomiceto sobre los nematodos en el cultivo de tomate. En un campo agr&#xED;cola de Zacualpan de Amilpas, Morelos se seleccion&#xF3; aleatoriamente dos puntos (latitud 18.8167 y longitud de -98.75). Se colect&#xF3; dos muestras de suelo a la profundidad de 0-0.30 m, caracterizado como suelos supresivos. Las muestras se analizaron en el laboratorio de Nematolog&#xED;a Agr&#xED;cola del Departamento de Parasitolog&#xED;a Agr&#xED;cola de la Universidad Aut&#xF3;noma Chapingo. El m&#xE9;todo utilizado fue de medio as&#xE9;ptico; aislamiento de organismo (actinomiceto), purificaci&#xF3;n y pruebas de patogenicidad (se aplicaron en el cultivo bajo invernadero). El dise&#xF1;o estad&#xED;stico fue completamente al azar, con 3 tratamientos, 3 repeticionesy un testigo infestado naturalmente con y sin actinomicetos. Los organismos identificados en la muestra fueron Actinomicetos, Pencicillium, Aspergillus, Verticillium, Micorrizas, Metarhizium y Bacillus. Los resultados estad&#xED;sticos indican que no hay diferencia significativa entre los tratamientos (&#x3B1; = 0.05). El actinomiceto por s&#xED; solo no disminuye la poblaci&#xF3;n de nem&#xE1;todos lo que quiere decir que estos organismos (Actinomicetos, Pencillium, Aspergillus, Verticillium, Micorrizas, Metarhizium y Bacillus), funcionar&#xED;an en conjunto (no hay literatura que lo especifique).</subfield>
  </datafield>
  <datafield tag="650" ind1=" " ind2="4">
    <subfield code="9">113714</subfield>
    <subfield code="a">Tomate</subfield>
    <subfield code="x">Enfermedades por nem&#xE1;todos</subfield>
  </datafield>
  <datafield tag="650" ind1=" " ind2="4">
    <subfield code="9">27586</subfield>
    <subfield code="a">Control biol&#xF3;gico de nem&#xE1;todos</subfield>
  </datafield>
  <datafield tag="700" ind1="1" ind2=" ">
    <subfield code="9">19482</subfield>
    <subfield code="a">Carrillo Fonseca, Calixto Leopoldo</subfield>
    <subfield code="e">director.</subfield>
  </datafield>
  <datafield tag="856" ind1=" " ind2=" ">
    <subfield code="u">http://10.13.5.2/tesis/tl/Hernandez_Hernandez_Refugio.pdf</subfield>
    <subfield code="z">DESCARGAR PDF</subfield>
  </datafield>
  <datafield tag="942" ind1=" " ind2=" ">
    <subfield code="2">Clasificaci&#xF3;n Universidad Aut&#xF3;noma Chapingo</subfield>
    <subfield code="c">TD</subfield>
  </datafield>
  <datafield tag="999" ind1=" " ind2=" ">
    <subfield code="c">219517</subfield>
    <subfield code="d">219517</subfield>
  </datafield>
  <datafield tag="952" ind1=" " ind2=" ">
    <subfield code="0">0</subfield>
    <subfield code="1">0</subfield>
    <subfield code="2">local</subfield>
    <subfield code="4">0</subfield>
    <subfield code="5">1</subfield>
    <subfield code="7">0</subfield>
    <subfield code="8">TesDigL</subfield>
    <subfield code="a">BD</subfield>
    <subfield code="b">BD</subfield>
    <subfield code="c">E_L</subfield>
    <subfield code="d">2023-12-14</subfield>
    <subfield code="l">0</subfield>
    <subfield code="o">Tesis digital</subfield>
    <subfield code="r">2023-12-14 00:00:00</subfield>
    <subfield code="w">2023-12-14</subfield>
    <subfield code="y">TD</subfield>
  </datafield>
</record>
